000 00635nam a2200157 4500
999 _c16238
_d16238
008 210818b ||||| |||| 00| 0 eng d
022 _a0732-8435
082 _aDPer 657.05 C33 Apr - Sept 2016, v86 n4-9
100 _aEdelman, Steven.
_943532
245 _aPublic service announcements:
_ba unique gift-in-kind promotional opportunity for not-for-profits/
_cSteven Edelman and Denise Moritz.
260 _aNew York:
_bThe New York State Society of CPA,
_c2016.
300 _av86 n4, pages 23-27;:
_billustrations;
_c28 cm.
650 _aPublic relation
_xAnnouncement.
_943533
700 _aMoritz, D.
_eAuthor.
_943534
942 _2ddc
_cPER